Métallurgie (Record no. 41933)

MARC details
000 -LEADER
fixed length control field 00685 a2200289 4500
037 ## - SOURCE OF ACQUISITION
Source of stock number/acquisition 3, Achat
037 ## - SOURCE OF ACQUISITION
Stock number S 3434
037 ## - SOURCE OF ACQUISITION
Stock number S 3516
037 ## - SOURCE OF ACQUISITION
Stock number S 3433
020 ## - NUMERO INTERNATIONAL NORMALISE DES LIVRES
International Standard Book Number 2-7042-1045-4
100 ## - VEDETTE PRINCIPALE - NOM DE PERSONNE
Personal name Krist, Th.
100 ## - VEDETTE PRINCIPALE - NOM DE PERSONNE
Language of a work Fr
260 ## - PUBLICATION, DISTRIBUTION, ETC. (IMPRINT)
Place of publication, distribution, etc Paris
260 ## - PUBLICATION, DISTRIBUTION, ETC. (IMPRINT)
Name of publisher, distributor, etc McGraw-Hill
245 ## - TITLE STATEMENT
Title Métallurgie
260 ## - PUBLICATION, DISTRIBUTION, ETC. (IMPRINT)
Date of publication, distribution, etc 1982
300 ## - PHYSICAL DESCRIPTION
Extent 229 p.
300 ## - PHYSICAL DESCRIPTION
Other physical details 15cm
440 ## - SERIES STATEMENT/ADDED ENTRY--TITLE
Title Formulaire de Poche
630 ## - SUBJECT ADDED ENTRY--UNIFORM TITLE
Uniform title 69 - Industrie de la construction. Materiaux de construction. Metaux et procedes de construction
650 ## - SUBJECT ADDED ENTRY--TOPICAL TERM
Topical term or geographic name as entry element 6 - SCIENCES APPLIQUEES
650 ## - SUBJECT ADDED ENTRY--TOPICAL TERM
Topical term or geographic name as entry element Métallurgie
650 ## - SUBJECT ADDED ENTRY--TOPICAL TERM
Topical term or geographic name as entry element Métal
700 ## - ADDED ENTRY--PERSONAL NAME
Personal name trad., Pichon, Francis
Holdings
Withdrawn status Lost status Damaged status Not for loan Location (home branch) Sublocation or collection (holding branch) Date acquired Koha issues (times borrowed) Koha full call number Koha date last seen Price effective from Koha item type
        Bibliothèque Universitaire Centrale Bibliothèque Universitaire Centrale 28/02/2009   669 KRI 28/02/2009 28/02/2009 Livre


© 2008, Bibliothèques de l'Université d'Abomey-Calavi

04 BP 789 Cotonou, Tél. : +229 21 36 01 01, Fax : +229 21 35 06 32

Courriel : bu@bu.uac.bj